วิทยาลัยพยาบาลบรมราชชนนี ยะลา
ระบบห้องสมุดอัตโนมัติ ULIBM BCNYALA - V.6
เปลี่ยนเป็นภาษาไทย

Change to English
 แสดงรายละเอียดบรรณานุกรม
  กลับหน้าหลัก

Brief Record : Get Marc (ISO 2709) : E-mail record : QR code ปิดหน้าต่าง
แรงจูงใจและอารมณ์ จากบทเรียนสู่ความสำเร็จ Review โดย
ใช้งานได้ทุกระบบ
ห้องสมุดวพบ.ยะลา
ใช้งานได้ทุกระบบ เมื่อ30/มีนาคม/2569
สารบัญ
บทที่ 1 แรงจูงใจ
บทที่ 2 ทษฎีแรงจูงใจ
บทที่ 3 แรงจูงใจใฝ่สัมฤทธิ์
บทที่ 4 ทษฎีแรงจูงใจใฝ่สัมฤทธิ์
บทที่ 5 แรงจูงใจ เคล็ดลับสู่ความสำเร็จ
บทที่ 6 อารมณ์
บทที่ 7 สรีรวิทยาของอารมณ์
บทที่ 8 ทฤษฎีอารมณ์
บทที่ 9 รหัส (ไม่) ลับของอารมณ์
บทที่ 10 การบริหารอารมณ์ให้ได้ผล

E-books : เกี่ยวกับ Collections
LEADER 00000nam 2200000uu 4500
001    3831
003     ULIBM
008    260330s2568||||th 000 0 tha d
020    ^a9786166268386
060    ^aBF120 ^bอ398ร
100    ^aอริยา คูหา.
245    ^aแรงจูงใจและอารมณ์ จากบทเรียนสู่ความสำเร็จ :^bMotiuation and Emotion From Lesson to Success /^cอริยา คูหา
250    ^aพิมพ์ครั้งที่ 2.
260    ^aสงขลา :^bโรงพิมพ์ฝ่ายเทคโนโลยี และนวัตกรรมการเรียนรู้ สำนักวิทยบริการ มหาวิทยาลัยสงขลานครินทร์ ^c2568.
300    ^a237 หน้า :^bตาราง : ภาพประกอบ
650  4 ^aจิตวิทยา.
999    ^aอีมาน
รายการนี้ยังไม่มีแท็ก
คุณยังไม่ได้ล็อกอิน คุณสามารถมีกิจกรรมร่วมกับเว็บไซต์ได้ แต่ต้องล็อกอินก่อน ::
  ล็อกอิน
ลำดับที่ ประเภท เลขเรียก สถานที่ สถานะ
1. หนังสือทั่วไป
หนังสือทั่วไป
BF120 อ398ร 2568 ฉ.1 
  
ห้องสมุดวพบ.ยะลา
►หนังสือทั่วไปภาษาไทย
On Shelf
2. หนังสือทั่วไป
หนังสือทั่วไป
BF120 อ398ร 2568 ฉ.2 
  
ห้องสมุดวพบ.ยะลา
►หนังสือทั่วไปภาษาไทย
On Shelf
3. หนังสือทั่วไป
หนังสือทั่วไป
BF120 อ398ร 2568 ฉ.3 
  
ห้องสมุดวพบ.ยะลา
►หนังสือทั่วไปภาษาไทย
On Shelf
   [แสดง 3/3 รายการ]

BibComment


ยังไม่เคยถูกคอมเมนท์

คอมเมนท์ทรัพยากรรายการนี้
  คอมเมนท์: แรงจูงใจและอารมณ..
Bib 3831

 
 
 

 Union Library Management : ULibM

ดูหนังออนไลน์

Copyright 2026. All Rights Reserved.